Online
Catalog

La isla del Cundeamor / (Record no. 56970)

MARC details
000 -CABECERA
campo de control de longitud fija 01895cam a2200289 i 4500
003 - IDENTIFICADOR DEL NÚMERO DE CONTROL
campo de control DO-SdBNP
005 - FECHA Y HORA DE LA ÚLTIMA TRANSACCIÓN
campo de control 20240625111756.0
007 - CAMPO FIJO DE DESCRIPCIÓN FÍSICA--INFORMACIÓN GENERAL
campo de control de longitud fija ta
008 - DATOS DE LONGITUD FIJA--INFORMACIÓN GENERAL
campo de control de longitud fija 240625s1995 sp 000 f spa d
020 ## - NÚMERO INTERNACIONAL ESTÁNDAR DEL LIBRO
Número Internacional Estándar del Libro 8420481505
040 ## - FUENTE DE LA CATALOGACIÓN
Centro catalogador/agencia de origen DO-SdBNP
Centro/agencia transcriptor spa
Centro/agencia modificador BNPHU
Normas de descripción rda
082 ## - NÚMERO DE LA CLASIFICACIÓN DECIMAL DEWEY
Número de documento/Ítem V335
Número de edición 22
100 1# - ENTRADA PRINCIPAL--NOMBRE DE PERSONA
Nombre de persona Vásquez Díaz, René
Fechas asociadas al nombre 1952-
Término indicativo de función/relación autor
9 (RLIN) 85794
245 13 - MENCIÓN DE TÍTULO
Título La isla del Cundeamor /
Mención de responsabilidad, etc. René Vásquez Díaz
250 ## - MENCIÓN DE EDICIÓN
Mención de edición 3a. edición
264 #1 - PRODUCCIÓN, PUBLICACIÓN, DISTRIBUCIÓN, FABRICACIÓN Y COPYRIGHT
Producción, publicación, distribución, fabricación y copyright Madrid, España :
Nombre del de productor, editor, distribuidor, fabricante Santillana,
-- Alfaguara,
Fecha de producción, publicación, distribución, fabricación o copyright 1995.
300 ## - DESCRIPCIÓN FÍSICA
Extensión 311 páginas
Dimensiones 22 cm.
336 ## - TIPO DE CONTENIDO
Fuente rdacontent
Término de tipo de contenido texto
Código de tipo de contenido txt
337 ## - TIPO DE MEDIO
Fuente rdamedia
Nombre/término del tipo de medio sin mediación
Código del tipo de medio n
338 ## - TIPO DE SOPORTE
Fuente rdacarrier
Nombre/término del tipo de soporte volumen
Código del tipo de soporte nc
490 1# - MENCIÓN DE SERIE
Mención de serie Vintage español
500 ## - NOTA GENERAL
Nota general Incluye datos biografícos del autor en la solapa de la portada.
520 ## - SUMARIO, ETC.
Sumario, etc. «Cuba es la siempre fiel porción de tierra claustrofóbica rodeada de agua por todas partes, que uno se lleva en las tripas, cuando la abandona, para reinventarla. Cuba es empalagosa y femenina hasta en sus pliegues más rugosos, pero funciona a base de un machismo intragable, pesadísimo, ibérico y africano; todas mis tías usaban siempre esta expresión: “lo hago porque me sale de los cojones”. Y uno se pregunta por qué Cuba tiene que ser una obsesión. Una respuesta sería que Cuba es como una gritería del corazón, un barullo con un silencio muy peligroso dentro, “la isla que se repite”, una hembra negriblanca dizque dormida, bajo un mosquitero remendado por los cocuyos. Y es Fidel Castro, aunque uno esté en contra o quizá por eso mismo, y Miami es el sueño americano pero soñado por la otra orilla de nuestra Era Imaginaria. Por eso este libro es tal vez como tenía que ser: sencillamente una isla más, extraviada bajo el viento y arropada por los cundeamores de nuestros nobles descalabros.»
590 ## - NOTA LOCAL (RLIN)
Nota local Inventariado, 2024/ YL
910 ## - DATOS DE OPCIÓN DEL USUARIO (OCLC)
Datos de opción del usuario YLockward
942 ## - ELEMENTOS DE PUNTO DE ACCESO ADICIONAL (KOHA)
Fuente del sistema de clasificación o colocación Dewey Decimal Classification
Tipo de ítem Koha Libro
Holdings
Estado de retiro Estado de pérdida Fuente del sistema de clasificación o colocación Restricciones de uso No para préstamo Código de colección Localización permanente Ubicación/localización actual Ubicación en estantería Fecha de adquisición Fuente de adquisición Total de préstamos Signatura topográfica completa Código de barras Fecha visto por última vez Precio válido a partir de Tipo de ítem Koha
    Dewey Decimal Classification Préstamo en sala   General Biblioteca Nacional Pedro Henríquez Ureña Biblioteca Nacional Pedro Henríquez Ureña En catalogación 08.06.2021 Donación   V335 2024-3712 25.06.2024 25.06.2024 Libro

Powered by Koha